000 00580nmm a2200169Ia 4500
008 251105s9999||||xx |||||||||||||||||und||
020 _a9788437099842
041 _aspa
100 _aTorres Chalk, Gabriel
245 0 _aMi ataúd abierto :
_b Robert Lowell y la subversión de la elegía
264 _a[Madrid, España] :
_bPublicaciones de la Universidad de Valencia (PUV),
_c2016
300 _a209 páginas
490 _aBiblioteca Javier Coy d'estudis Nord-Americans
650 _aEnglish poetry
856 _uhttps://public.digitaliapublishing.com/a/44370
942 _cCF
999 _c82720
_d82720